| 000 | 01033cam a2200301 a 4500 | ||
|---|---|---|---|
| 001 | 11902871 | ||
| 003 | OSt | ||
| 005 | 20200421093816.0 | ||
| 008 | 000203s2000 mau 001 0 eng | ||
| 010 | _a 00022023 | ||
| 020 | _a1565926994 | ||
| 040 |
_aDLC _cDLC _dDLC |
||
| 042 | _apcc | ||
| 050 | 0 | 0 |
_aQA76.73.P22 _bD47 2000 |
| 082 | 0 | 0 |
_a005.74 _221 |
| 100 | 1 |
_aDescartes, Alligator. _918 |
|
| 245 | 1 | 0 |
_aProgramming the Perl DBI / _cAlligator Descartes and Tim Bunce. |
| 260 |
_aCmabridge, MA : _bO'Reilly, _c2000. |
||
| 263 | _a1111 | ||
| 300 | _ap. cm. | ||
| 650 | 0 |
_aPerl (Computer program language) _919 |
|
| 650 | 0 |
_aDatabase management. _98 |
|
| 700 | 1 |
_aBunce, Tim. _920 |
|
| 856 | 4 | 2 |
_3Publisher description _uhttp://www.loc.gov/catdir/enhancements/fy0715/00022023-d.html |
| 906 |
_a7 _bcbc _corignew _d1 _eocip _f20 _gy-gencatlg |
||
| 942 |
_2ddc _cBK |
||
| 999 |
_c13 _d13 |
||